[Event "AUTO-BEG-195"]
[Site "http://www.queenalice.com/game.php?id=370437"]
[Date "2008.3.13"]
[Round "1"]
[White "moreira75"]
[Black "pjanderson"]
[Result "0-1"]
[WhiteElo "1173"]
[BlackElo "1522"]

1. e3 d5 2. Bb5+ c6 3. Ba4 b5 4. Bb3 e6 5. Qh5 Nf6 6. Qf3 Bd6 7. Nh3 a5 8. a4 b4
9. c3 Ba6 10. cxb4 Bxb4 11. g4 O-O 12. g5 Ne4 13. Rg1 Nd7 14. Nf4 Ne5 15. h4
Nxf3+ 16. Kd1 Nxf2+ 17. Kc2 Nxg1 18. h5 e5 19. Nh3 Bd3# 0-1

[Event "Challenge"]
[Site "http://www.queenalice.com/game.php?id=410329"]
[Date "2008.5.30"]
[Round "-"]
[White "Gansothedark"]
[Black "moreira75"]
[Result "1-0"]
[WhiteElo "1452"]
[BlackElo "1305"]

1. e4 e5 2. Bc4 a6 3. Nf3 h5 4. d4 Bb4+ 5. Bd2 a5 6. c3 Be7 7. b4 a4 8. Nxe5 f6
9. Nf7 Rh6 10. Nxd8 Kxd8 11. Bxg8 Rg6 12. g3 d6 13. Qxa4 Rxa4 14. Bf7 Rg4 15. f3
Rg5 16. Bxg5 fxg5 17. O-O Na6 18. Bxh5 Bh3 19. Re1 c6 20. Nd2 Ra3 21. Rec1 Bf6
22. Nc4 Kc7 23. e5 dxe5 24. Nxa3 exd4 25. b5 cxb5 26. cxd4+ Kd6 27. Nxb5+ Kd5
28. Bf7+ Be6 29. Bxe6+ Kxe6 30. Rc4 Kf5 31. Nd6+ Ke6 32. Nxb7 Kd5 33. Rac1 g6
34. Rc6 Bxd4+ 35. Kg2 Ke5 36. Rxa6 Kf5 37. Nd6+ Ke5 38. Nf7+ Kf5 39. g4+ Kf4 40.
Rc4 Ke3 41. Ra3+ Ke2 42. Rxd4 Ke1 43. Re4+ Kd1 44. Rd3+ Kc2 45. Rde3 Kb2 46.
Re2+ Ka1 47. Rd4 Kb1 48. Rd1# 1-0

[Event "AUTO-OPEN-1052"]
[Site "http://www.queenalice.com/game.php?id=443822"]
[Date "2008.8.5"]
[Round "2"]
[White "daf88"]
[Black "moreira75"]
[Result "1-0"]
[WhiteElo "2050"]
[BlackElo "1307"]

1. e4 c5 2. Nf3 Nc6 3. d4 c4 4. Bxc4 Qa5+ 5. Nc3 a6 6. O-O h5 7. a3 Rh6 8. Bxh6
b6 9. Bd2 Nf6 10. Nd5 e6 11. Bxa5 Nxd5 12. exd5 exd5 13. Bxd5 b5 14. Bxc6 dxc6
15. Qe2+ Be7 16. Bb4 Be6 17. Bxe7 Kxe7 18. Ng5 Rd8 19. f4 Rxd4 20. f5 f6 21.
Qxe6+ Kf8 22. Qf7# 1-0

[Event "AUTO-OPEN-1052"]
[Site "http://www.queenalice.com/game.php?id=443823"]
[Date "2008.8.5"]
[Round "2"]
[White "moreira75"]
[Black "daf88"]
[Result "0-1"]
[WhiteElo "1309"]
[BlackElo "2054"]

1. e3 e5 2. Nf3 e4 3. Nh4 Qxh4 4. g3 Qd8 5. h4 d5 6. h5 Nf6 7. Bh3 Bxh3 8. Nc3
Bg4 9. f3 Bxf3 10. Ne2 Bd6 11. Rf1 Nxh5 12. Rg1 Qg5 13. Kf2 Nxg3 14. Rxg3 Bxg3+
15. Kg1 Bh2+ 16. Kxh2 Qg2# 0-1

[Event "Challenge"]
[Site "http://www.queenalice.com/game.php?id=451717"]
[Date "2008.8.21"]
[Round "-"]
[White "esteban"]
[Black "moreira75"]
[Result "1-0"]
[WhiteElo "1422"]
[BlackElo "1295"]

1. e4 e6 2. d4 Nc6 3. Be3 Nf6 4. f3 h5 5. a3 a5 6. c4 Ra6 7. Nc3 Rb6 8. Rb1 g6
9. c5 Ra6 10. Bxa6 bxa6 11. Nge2 h4 12. h3 Rh5 13. Qd2 Qe7 14. Nf4 Rh6 15. Rd1
g5 16. Nd3 d6 17. Bxg5 Rh5 18. Be3 Na7 19. cxd6 cxd6 20. Nf4 Rh6 21. d5 exd5 22.
Nfxd5 Qe6 23. Nc7+ Kd7 24. Nxe6 Kxe6 25. Bxh6 Bxh6 26. Qxd6# 1-0

[Event "Challenge"]
[Site "http://www.queenalice.com/game.php?id=458694"]
[Date "2008.9.5"]
[Round "-"]
[White "moreira75"]
[Black "Nikita"]
[Result "0-1"]
[WhiteElo "1295"]
[BlackElo "1517"]

1. e4 e6 2. g3 Bc5 3. Nc3 Qf6 4. Nh3 Nh6 5. a3 d5 6. exd5 exd5 7. Nxd5 Qd8 8.
Qe2+ Kf8 9. Qd3 Bf5 10. Qc4 b6 11. Nhf4 Ng4 12. f3 Bf2+ 13. Ke2 Qe8+ 14. Kd1
Qe1# 0-1

[Event "Challenge"]
[Site "http://www.queenalice.com/game.php?id=468712"]
[Date "2008.9.26"]
[Round "-"]
[White "moreira75"]
[Black "Nikita"]
[Result "0-1"]
[WhiteElo "1277"]
[BlackElo "1508"]

1. e4 e6 2. d4 Bb4+ 3. c3 Ba5 4. b4 Bb6 5. Be2 Qf6 6. e5 Qf5 7. g4 Qe4 8. f3 Qg6
9. c4 Nc6 10. Qb3 Bxd4 11. Nc3 Bxc3+ 12. Qxc3 d6 13. Bd3 f5 14. b5 Nxe5 15. Be2
fxg4 16. fxg4 Nxg4 17. h3 Ne5 18. c5 Qe4 19. Rh2 dxc5 20. Qxc5 c6 21. Rf2 Qh1
22. Rf1 Ng6 23. Qe3 a6 24. bxc6 bxc6 25. Nf3 Qxh3 26. a4 Nh4 27. Ra3 Rb8 28. Rc3
Nf6 29. Rxc6 Nxf3+ 30. Bxf3 Nd5 31. Qe4 Nf6 32. Rh1 Nxe4 33. Rxh3 e5 34. Rh5 Nf6
35. Rxe5+ Kd7 36. Rg5 Re8+ 37. Kf2 Ne4+ 38. Kg2 Nxg5 39. Bh5 g6 40. Rxa6 Bxa6
41. Bg4+ Ne6 42. Kg3 Rb4 43. Bd1 Rb1 44. Bg4 Rxc1 45. a5 Rb8 46. Bf3 Rc3 47. Kg4
Rb4+ 48. Kg3 Ng5 49. Kg2 Nxf3 50. Kg3 Ne5+ 51. Kg2 Rb2+ 52. Kg1 Rc1# 0-1

[Event "Challenge"]
[Site "http://www.queenalice.com/game.php?id=469759"]
[Date "2008.9.28"]
[Round "-"]
[White "moreira75"]
[Black "JBLOKO"]
[Result "0-1"]
[WhiteElo "1277"]
[BlackElo "1348"]

1. e4 Nf6 2. e5 Nd5 3. Bc4 Nb4 4. a3 N4c6 5. Qe2 d6 6. f4 dxe5 7. fxe5 e6 8. Bb5
g6 9. Qe4 Bg7 10. a4 Bf8 11. Ra3 a6 12. Rd3 Qe7 13. Bc4 f5 14. Qf4 g5 15. Qe3 f4
16. Qf2 Nxe5 17. Qd4 Nxd3+ 18. cxd3 Rg8 19. Ne2 Nc6 20. Qc3 Bg7 21. Qb3 b5 22.
axb5 axb5 23. Bxb5 Bd7 24. O-O Rf8 25. Na3 g4 26. d4 Nb4 27. h4 Rb8 28. Nxf4
Bxd4+ 29. Kh2 Qxh4+ 30. Nh3 Be5+ 31. Kh1 Nd5 32. Re1 Qxe1+ 33. Ng1 Rf1 34. Qe3
Qh4+ 35. Qh3 gxh3 36. gxh3 Qe4# 0-1

[Event "AUTO-INT-1056"]
[Site "http://www.queenalice.com/game.php?id=471590"]
[Date "2008.10.2"]
[Round "1"]
[White "montelo"]
[Black "moreira75"]
[Result "1/2-1/2"]
[WhiteElo "1650"]
[BlackElo "1278"]

1. e4 e5 2. Qh5 Nh6 3. Qxe5+ Be7 4. Qxg7 Rf8 5. Qxh6 Rh8 6. Qg7 Rf8 7. Qxh7 d5
8. d3 Qd6 9. Bh6 dxe4 10. Bxf8 Bxf8 11. Qxe4+ Be6 12. Qxb7 Qb6 13. Qxb6 cxb6 14.
Nc3 Nc6 15. Nb5 a6 16. Nc7+ Kd8 17. Nxa8 Nb4 18. Kd2 Bh6+ 19. Kd1 Bg4+ 20. f3
Bh5 21. Nxb6 f5 22. c4 Be3 23. c5 Kc7 24. a3 Nc6 25. Nc4 Bxc5 26. Nh3 a5 27. b4
a4 28. bxc5 Kb7 29. Nd6+ Ka6 30. Rb1 Ka7 31. Rb7+ Ka6 32. d4+ Ka5 33. Nxf5 Bg6
34. g4 Nxd4 35. Nxd4 Be8 36. Bb5 Bxb5 37. Rxb5+ Ka6 38. Re1 Ka7 39. Re6 Ka8 40.
Re7 1/2-1/2

[Event "AUTO-INT-1056"]
[Site "http://www.queenalice.com/game.php?id=471591"]
[Date "2008.10.2"]
[Round "1"]
[White "moreira75"]
[Black "montelo"]
[Result "0-1"]
[WhiteElo "1282"]
[BlackElo "1648"]

1. e3 e5 2. Qf3 c6 3. Qf5 d6 4. Bc4 Bxf5 5. Kd1 Nf6 6. Bd3 Qc8 7. g3 Ng4 8. f3
Nf2+ 9. Ke1 Nxh1 10. Bxf5 Qxf5 11. g4 Qxc2 12. f4 Qxc1+ 13. Ke2 Qxb2 14. Nc3
Qxa1 15. Ne4 Qxg1 16. h3 exf4 17. exf4 Qg2+ 18. Kd3 d5 19. Nd6+ Bxd6 20. Ke3 Bb4
21. d3 O-O 22. g5 Re8+ 23. Kd4 Qf2# 0-1

[Event "AUTO-INT-1056"]
[Site "http://www.queenalice.com/game.php?id=471606"]
[Date "2008.10.2"]
[Round "1"]
[White "moreira75"]
[Black "ricardosf"]
[Result "0-1"]
[WhiteElo "1299"]
[BlackElo "1521"]

1. e3 e5 2. Qg4 Nf6 3. Qc4 d5 4. Qd3 e4 5. Qc3 a5 6. Bb5+ c6 7. Ba4 b5 8. Bb3 b4
9. Qd4 a4 10. d3 axb3 11. cxb3 exd3 12. Qxd3 Ba6 13. Qc2 Ng4 14. h3 Ne5 15. Qd2
Bc5 16. f4 Nd3+ 17. Kf1 Nxc1+ 0-1

[Event "AUTO-INT-1056"]
[Site "http://www.queenalice.com/game.php?id=471607"]
[Date "2008.10.2"]
[Round "1"]
[White "ricardosf"]
[Black "moreira75"]
[Result "1-0"]
[WhiteElo "1513"]
[BlackElo "1307"]

1. e4 e5 2. Nf3 Qf6 3. g4 Nh6 4. b3 Nxg4 5. d4 Bb4+ 6. c3 Ba5 7. dxe5 Qe6 8. Bc4
Qc6 9. Ng5 f6 10. Nf7 Qxe4+ 11. Qe2 Qxh1+ 12. Kd2 Qxh2 13. Nxh8 Qxe5 14. Bf7+
Ke7 15. Qxe5+ fxe5 16. b4 Bb6 17. Ba3 1-0

[Event "AUTO-INT-1056"]
[Site "http://www.queenalice.com/game.php?id=471608"]
[Date "2008.10.2"]
[Round "1"]
[White "moreira75"]
[Black "HanoiTower"]
[Result "0-1"]
[WhiteElo "1282"]
[BlackElo "1963"]

1. e4 c6 2. b3 d5 3. Qe2 dxe4 4. Qxe4 Nf6 5. Qe2 Bf5 6. Kd1 e6 7. h4 Bc5 8. Qf3
Ng4 9. Bb2 Nxf2+ 10. Ke1 O-O 11. Rh2 Qd6 12. Rh1 Rd8 13. Nc3 Qxd2# 0-1

[Event "AUTO-INT-1056"]
[Site "http://www.queenalice.com/game.php?id=471609"]
[Date "2008.10.2"]
[Round "1"]
[White "HanoiTower"]
[Black "moreira75"]
[Result "1-0"]
[WhiteElo "1918"]
[BlackElo "1282"]

1. Nf3 e6 2. e4 Qe7 3. d4 c6 4. b3 Qf6 5. Bd3 Bb4+ 6. c3 Ba5 7. e5 Qg6 8. Bxg6
hxg6 9. b4 Bb6 10. Bg5 Kf8 11. Qd3 d5 12. exd6 f6 13. Qxg6 Na6 14. O-O f5 15.
Ne5 Rb8 16. Qf7# 1-0